| 000 | 01100nam a2200265Ia 4500 | ||
|---|---|---|---|
| 003 | OSt | ||
| 005 | 20221005105403.0 | ||
| 006 | a|||||r|||| 00| 0 | ||
| 007 | ta | ||
| 008 | 221004b |||||||| |||| 00| 0 hin d | ||
| 020 |
_a8181290798 (hbk) _c400 |
||
| 024 | _a86677 | ||
| 037 |
_b156, 28/03/2007, Swaraj Book Distributor _cTextual |
||
| 040 |
_aCRL _cCRL _bhin |
||
| 041 |
_2hin _ahin |
||
| 082 | _aO152,3N161:g, P6 | ||
| 100 | _aयादव, वाचस्पति | ||
| 245 | 0 | _aअमृतलाल नागर के साठोत्तरी उपन्यासों में इतिहास एवं कल्पना | |
| 246 | _aAmṛutalāl nāgar ke sāṭhottarī upanyāsoan mean itihās evan kalpanā | ||
| 260 |
_aनई दिल्ली _bनमन प्रकाशन भारत _c2006 |
||
| 300 |
_a223पृ0 _ccm. |
||
| 650 | _aहिन्दी साहित्य | ||
| 942 |
_hO152,3N161:g, P6 _cTEXL _2cc |
||
| 999 |
_c1015673 _d1015673 |
||